00662nam a2200193 i 450000100060000000300090000600500170001500700030003200800410003510000310007624500320010726000540013930000220019349000350021583000430025085200320029399900170032595201260034289132ES-MaACL20250822100420.0t|050105s1959 sp ||||1| spa d1 aTono (d1896-1978)911058110aTita Rufa / cTono (seud.). aBarcelona : bG.P., c[1959] (fGráficas Guada) a128 p. ; c17 cm.1 aLibros de humor "El Gorrión"00aLibros de humor "El Gorrión"9181844 aES-MaACLjC-17322 bR.45279 c89132d89132 00104070aATENEOMbATENEOMcGaleríad2008-01-17eSCl0oC-17322p1093090r2023-02-23 00:00:00w2023-02-23yMONOGRAFIA